Arte canario : exposición itinerante / [texto y notas críticas por Juan Antonio Aguirre] exposición itinerante / [texto y notas críticas por Juan Antonio Aguirre]
Descripción Física:
46 p., [5] f. : il. ; 25 cm
Materias:
Art canari -- Exposicions
MARC
| LEADER | 00000nam a2200000Ia 4500 | ||
|---|---|---|---|
| 001 | 13057 | ||
| 008 | 160829s9999 xx 000 0 cat d | ||
| 080 | |a FU-22-30 | ||
| 245 | |a Arte canario : |b exposición itinerante / [texto y notas críticas por Juan Antonio Aguirre] | ||
| 260 | |a [Madrid : |b Patronato Nacional de Museos, DL 1976] | ||
| 300 | |a 46 p., [5] f. : |b il. ; |c 25 cm | ||
| 590 | |a Catàleg de l'exposició. | ||
| 590 | |a Abans de la portada: Museo Provincial Textil, Tarrasa, 3/18 julio 1976. | ||
| 590 | |a A les contracobertes: Ministerio de Educación y Ciencia, Dirección General del Patrimonio Artístico y Cultural. Comisaría Nacional de Museos y Exposiciones. Publicación del Patronato Nacional de Museos | ||
| 650 | |a Art canari |x Exposicions |9 26121 | ||
| 700 | |a Aguirre, Juan Antonio |9 26122 | ||
| 700 | |a Patronato Nacional de Museos (Espanya) |9 26123 | ||
| 901 | |a Arxiu | ||
| 942 | |n 1 | ||
| 952 | |0 0 |1 0 |4 0 |6 FU2230 |7 1 |9 43889 |a Arxiu |b Arxiu |d 2016-12-01 |l 0 |o FU-22-30 |p 13057 |r 2016-12-01 00:00:00 |w 2016-12-01 |y ARXIU | ||
| 999 | |c 46469 |d 46469 | ||